| 000 | 00656nam a22001937a 4500 | ||
|---|---|---|---|
| 005 | 20230207062659.0 | ||
| 008 | 230207b |||||||| |||| 00| 0 eng d | ||
| 020 | _a978-971-9617-51-8 | ||
| 082 | _aFil. 302.5 Ed24 2015 | ||
| 100 |
_aEduardo, Jesster P. _eauthor |
||
| 245 |
_aHuman behavior and crisis management / _cJesster P. Eduardo, Carlito R. Panganoro Jr. |
||
| 260 |
_aQuezon City: _bWiseman's Book Trading, _cc2015. |
||
| 300 |
_aviii, 181p.; _bill. |
||
| 504 | _aIncludes bibliographical references | ||
| 541 | _e5247 c.1, 5248 c.2 | ||
| 650 | _aHuman behavior | ||
| 650 | _aCrisis management | ||
| 700 |
_aPanganoron, Carlito R., Jr. _eauthor |
||
| 999 |
_c929 _d929 |
||